Surrealism in Latin America (Record no. 6720)

MARC details
000 -CABECERA
campo de control de longitud fija 01059nam a2200277 a 4500
001 - NÚMERO DE CONTROL
campo de control BRCA_7039
005 - FECHA Y HORA DE LA ÚLTIMA TRANSACCIÓN
campo de control 20190320205703.0
008 - DATOS DE LONGITUD FIJA--INFORMACIÓN GENERAL
campo de control de longitud fija 031212s2012----u--a######---#000-0#eng-#
020 ## - NÚMERO INTERNACIONAL ESTÁNDAR DEL LIBRO
Número Internacional Estándar del Libro 9781606061176
041 ## - CÓDIGO DE LENGUA
Código de lengua del texto/banda sonora o título independiente eng
044 ## - CÓDIGO DEL PAÍS DE LA ENTIDAD EDITORA/PRODUCTORA
Código MARC del país u
050 #4 - SIGNATURA TOPOGRÁFICA DE LA BIBLIOTECA DEL CONGRESO
Número de clasificación NX501.5
Número de documento/Ítem .S87 2012
245 10 - MENCIÓN DE TÍTULO
Título Surrealism in Latin America
Resto del título vivísimo muerto
Mención de responsabilidad, etc. edited by Dawn Ades, Rita Eder, and Graciela Speranza.
260 ## - PUBLICACIÓN, DISTRIBUCIÓN, ETC.
Lugar de publicación, distribución, etc. Los Angeles
Nombre del editor, distribuidor, etc. Getty Research Institute
Fecha de publicación, distribución, etc. 2012
300 ## - DESCRIPCIÓN FÍSICA
Extensión vii, 224 p.
Otras características físicas il.
Dimensiones 26 cm.
440 #0 - MENCIÓN DE SERIE/PUNTO DE ACCESO ADICIONAL--TÍTULO
Título Issues & debates
9 (RLIN) 17492
500 ## - NOTA GENERAL
Nota general Vivísimo Muerto: Debates on Surrealism in Latin America, un simposio realizado en the Getty Research Institute (Los Ángeles), 25-26 junio, 2010.
504 ## - NOTA DE BIBLIOGRAFÍA, ETC.
Nota de bibliografía, etc. Incluye referencias bibliográficas e índice
650 14 - PUNTO DE ACCESO ADICIONAL DE MATERIA--TÉRMINO DE MATERIA
Término de materia o nombre geográfico como elemento de entrada Surrealismo
Subdivisión geográfica América Latina
9 (RLIN) 17493
650 14 - PUNTO DE ACCESO ADICIONAL DE MATERIA--TÉRMINO DE MATERIA
Término de materia o nombre geográfico como elemento de entrada Arte en América Latina
Subdivisión cronológica Siglo XX-XXI
9 (RLIN) 17494
700 1# - PUNTO DE ACCESO ADICIONAL--NOMBRE DE PERSONA
Nombre de persona Ades, Dawn
Término indicativo de función/relación ed.
9 (RLIN) 4902
700 1# - PUNTO DE ACCESO ADICIONAL--NOMBRE DE PERSONA
Nombre de persona Eder, Rita
Término indicativo de función/relación ed.
9 (RLIN) 17495
700 1# - PUNTO DE ACCESO ADICIONAL--NOMBRE DE PERSONA
Nombre de persona Speranza, Graciela
Fechas asociadas al nombre 1957-
Término indicativo de función/relación ed.
9 (RLIN) 17496
710 2# - PUNTO DE ACCESO ADICIONAL--NOMBRE DE ENTIDAD CORPORATIVA
Nombre de entidad corporativa o nombre de jurisdicción como elemento de entrada Getty Research Institute
9 (RLIN) 17497
942 ## - ELEMENTOS DE PUNTO DE ACCESO ADICIONAL (KOHA)
Fuente del sistema de clasificación o colocación Library of Congress Classification
Tipo de ítem Koha Libros
Holdings
Estado de retiro Estado de pérdida Estado dañado No para préstamo Localización permanente Ubicación/localización actual Fecha de adquisición Total de préstamos Signatura topográfica completa Código de barras Fecha visto por última vez Precio válido a partir de Tipo de ítem Koha
El ejemplar forma parte de la colección y puede ser consultado según las políticas vigentes.       Biblioteca del Museo Franz Mayer (Rogerio Casas-Alatriste) Biblioteca del Museo Franz Mayer (Rogerio Casas-Alatriste) 30/11/2011   NX501.5 .S87 2012 00686 22/03/2019 22/03/2019 Libros